Veletrhy v éře hyperkonkurence
Veľtrh ako najvýznamnejšie miesto prezentácie. Veľtrh ako špecifická propagačná akcia. Hlavné konkurenčné výhody veľtrhu. Veľtrh ako multimédium, ktoré sprostredkováva súbor informácií. Vystavovatelia na veľtrhu.
Saved in:
| Main Author: | |
|---|---|
| Format: | Book Chapter |
| Language: | Czech |
| Subjects: | |
| Tags: |
No Tags, Be the first to tag this record!
|
MARC
| LEADER | 00000naa$a2200000$$$4500 | ||
|---|---|---|---|
| 001 | 0051746 | ||
| 005 | 20231018130030.6 | ||
| 041 | 0 | |a cze | |
| 044 | |a CZ | ||
| 245 | 1 | 0 | |a Veletrhy v éře hyperkonkurence |c Dušan Pavlů |
| 520 | |a Veľtrh ako najvýznamnejšie miesto prezentácie. Veľtrh ako špecifická propagačná akcia. Hlavné konkurenčné výhody veľtrhu. Veľtrh ako multimédium, ktoré sprostredkováva súbor informácií. Vystavovatelia na veľtrhu. | ||
| 610 | 2 | 0 | |a veľtrhy |
| 610 | 2 | 0 | |a komunikácia marketingová |
| 610 | 2 | 0 | |a informácie |
| 610 | 2 | 0 | |a propagácia |
| 610 | 2 | 0 | |a konkurencia |
| 610 | 2 | 0 | |a trh |
| 610 | 2 | 0 | |a médiá |
| 100 | 1 | |a Pavlů, Dušan | |